000 00337nam a2200133Ia 4500
008 190216s9999||||xx |||||||||||||| ||und||
100 _aClyde Day.M And Joel Selbin
245 0 _aTheoretical Onorganic Chemistry
250 _a2nd Ed.
260 _bAffiliated East West Press
_c1980
300 _a590p
650 _aChemistry
942 _cBK
999 _c2177
_d2177